Länder mit den meisten Wolkenkratzern - Statistiken

Allgemein
  • Dieses Quiz wurde 132 mal gespielt
  • Das Durchschnittsergebnis liegt bei 16 aus 21
Antwortstatistiken
# Land % Korrekt
2994 China
99%
907 Vereinigte Staaten
98%
284 Japan
94%
162 Kanada
93%
57 Russland
92%
72 Brasilien
89%
123 Indien
87%
44 Saudi Arabien
86%
161 Australien
83%
336 Vereinigte Arabische Emirate
83%
46 Vereinigtes Königreich
82%
281 Südkorea
81%
53 Mexiko
80%
132 Thailand
72%
136 Indonesien
69%
98 Singapur
68%
304 Malaysia
62%
76 Türkei
59%
55 Katar
58%
128 Philippinen
48%
67 Panama
12%
Keine übereinstimmenden Quizze gefunden
Verteilung der Resultate
Anzahl Personen mit jedem Resultat
Perzentil nach korrekt beantworteten Fragen
Ihre Resultats-Entwicklung
Sie haben dieses Quiz noch nicht gespielt